| 000 | 01690nam a2200241Ia 4500 | ||
|---|---|---|---|
| 008 | 260220t1948||||xx |||||||||||||| ||spa|| | ||
| 040 |
_aPY-SlUNAC _bspa _erda |
||
| 041 | _aspa | ||
| 082 |
_a101 _bM597s |
||
| 100 |
_aMeumann, Enesto _eAutor |
||
| 245 | 0 |
_aSistema de estética / _cpor Enesto Meumann [Autor] |
|
| 264 |
_aBuenos Aires : _bEspasa-Calpe, _c℗1948. |
||
| 300 | _a1 volumen | ||
| 520 | _aEl libro "Sistema de estética" de Ernesto Meumann, publicado en 1948, se presenta como una obra fundamental en el campo de la estética, donde el autor busca establecer un marco teórico que integre diversas corrientes filosóficas y artísticas. Meumann profundiza en la naturaleza del arte, analizando su relación con la percepción humana y la función del espectador en el proceso estético. A través de un enfoque sistemático, el autor clasifica las distintas formas de expresión artística, abarcando desde la pintura y la escultura hasta la literatura y la música, destacando cómo cada disciplina se articula en un contexto cultural específico. La obra también aborda conceptos fundamentales como la belleza, el gusto y la creatividad, proponiendo un diálogo entre la subjetividad del artista y la objetividad del arte. Con un estilo claro y riguroso, Meumann contribuye a la comprensión de la estética como una disciplina interdisciplinaria, esencial para el estudio del arte en su totalidad y su impacto en la sociedad. | ||
| 653 | _aArte | ||
| 653 | _aEstética | ||
| 653 | _aFilosofía | ||
| 942 |
_b2026/02/17 _cBK |
||
| 999 |
_c6708 _d6708 |
||